MARC
| LEADER | 00000nam a2200000Ia 4500 | ||
|---|---|---|---|
| 008 | 170316s9999 xx 000 0 spa d | ||
| 999 | |c 29023 |d 29023 | ||
| 040 | |a cru BVZT | ||
| 090 | |a H-862 D-1p | ||
| 100 | |a Díaz - Plaja, Guillermo | ||
| 245 | |a Historia de la poesía lírica española |c Guillermo Díaz - Plaja | ||
| 250 | |a 2 | ||
| 260 | |a Barcelona, España | ||
| 260 | |b Labor | ||
| 260 | |c 1948 | ||
| 300 | |a 482 páginas | ||
| 650 | |a LITERATURA ESPAÑOLA |9 23 | ||
| 650 | |a HISTORIA |9 90 | ||
| 650 | |a POESÍA LÍRICA ESPAÑOLA | ||
| 942 | |c 15 D |h H-862 D-1p |2 z | ||
